| Tag |
First Indicator |
Second Indicator |
Subfields |
| LEADER |
00000cam a22000001 4500 |
| 001 |
in00000040826 |
| 005 |
20151007064701.0 |
| 008 |
711007s1967 ne ac 00000 eng |
| 010 |
|
|
|a 67031932
|
| 035 |
|
|
|a (OCoLC)01175694
|
| 035 |
|
|
|9 AAE0382AM
|
| 040 |
|
|
|a DLC
|c DLC
|d TXA
|d UtOrBLW
|
| 049 |
|
|
|a TXAM
|c [469539]
|
| 050 |
0 |
0 |
|a QC16.B63
|b N53
|
| 082 |
0 |
|
|a 530/.0924
|a B
|
| 092 |
|
|
|a 530
|b B6773
|
| 240 |
1 |
0 |
|a Niels Bohr. English
|
| 245 |
0 |
0 |
|a Niels Bohr ;
|b his life and work as seen by his friends and colleagues /
|c Edited by S. Rozental.
|
| 250 |
|
|
|a [1st English ed.].
|
| 264 |
|
1 |
|a Amsterdam :
|b North-Holland Pub. Co.;
|a New York :
|b Wiley,
|c 1967.
|
| 300 |
|
|
|a 355 pages :
|b illustrations, portraits ;
|c 23 cm.
|
| 336 |
|
|
|a text
|b txt
|2 rdacontent
|
| 337 |
|
|
|a unmediated
|b n
|2 rdamedia
|
| 338 |
|
|
|a volume
|b nc
|2 rdacarrier
|
| 505 |
0 |
|
|a Childhood and youth.--The decisive years, 1911-1918, by L. Rosenfeld and E. Rudinger.--Glimpses of Niels Bohr as scientist and thinker, by O. Klein.--Quantum theory and its interpretation, by W. Heisenberg.--Recollections from the years 1929-1931, by H. B. G. Casimir.--Niels Bohr in the thirties, by L. Rosenfeld.--The interest is focussing on the atomic nucleus, by O. R. Frisch.--The forties and the fifties, by S. Rozental.--The war years and the prospects raised by the atomic weapons, by A. Bohr.--Reminiscenses from the post-war years, by A. Pais.--Niels Bohr and his youngest disciples, by J. Kalckar.--Review of Niels Bohr's research work, by C. Mller and M. Phil.--Niels Bohr and international scientific collaboration, by V. F. Weisskopf.--Niels Bohr and the Royal Danish Academy of Sciences and Letters, by J. Pedersen.--Niels Bohr and the Danish Atomic Energy Research Establishment, by V. Kampmann.--Niels Bohr and the Danish community, by M. Pihl.--Fifty years of friendship, by R. Courant.--The versatility of Niels Bohr, by P. A. M. Dirac.--Science and administration, by H. H. Koch.--Memories of Tisvilde, by W. Scharff.--An impression, by M. Andersen.--My father, by H. Bohr.--Open letter to the United Nations, by N. Bohr.
|
| 600 |
1 |
0 |
|a Bohr, Niels,
|d 1885-1962.
|
| 650 |
|
0 |
|a Festschriften.
|
| 700 |
1 |
|
|a Rozental, S.
|q (Stefan)
|
| 999 |
|
|
|a MARS
|
| 999 |
f |
f |
|s 18c75d84-3783-3b84-a76b-7f3ff901b90e
|i 213bc0bb-6203-304a-a024-fcf6d9000333
|t 0
|
| 952 |
f |
f |
|p normal
|a Texas A&M University
|b College Station
|c Sterling C. Evans Library
|d Evans: Library Stacks
|t 0
|e QC16.B63 N53
|h Library of Congress classification
|i unmediated -- volume
|m A14800905370
|
| 998 |
f |
f |
|a QC16.B63 N53
|t 0
|l Evans: Library Stacks
|